quiz o grach - Statystyki

Ogólne statystyki
  • Ten quiz został rozwiązany 29 razy
  • Średni wynik to 6 z 9
Statystyki odpowiedzi
Obrazkowy Odpowiedź % Poprawnych
Brawl stars
96%
Minecraft
93%
cs:go
86%
Roblox
82%
Car parking
79%
Hello Neighbor
75%
Stumble guys
71%
Standoff 2
32%
Hill clim racing
11%
Nie znaleziono quizów pasujących do podanych kryteriów
Rozkład punktacji
Procent ludzi z każdym wynikiem
Percentyl według liczby udzielonych odpowiedzi
Twoja historia wyników
Nie rozwiązałeś tego quizu